|
|
|
|
| LEADER |
00000cam a22000004a 4500 |
| 001 |
musev2_80477 |
| 003 |
MdBmJHUP |
| 005 |
20230905052256.0 |
| 006 |
m o d |
| 007 |
cr||||||||nn|n |
| 008 |
061030e20090102enk o 00 0 eng d |
| 020 |
|
|
|a 9781847421586
|
| 020 |
|
|
|z 9781861346735
|
| 035 |
|
|
|a (OCoLC)1148089998
|
| 040 |
|
|
|a MdBmJHUP
|c MdBmJHUP
|
| 100 |
1 |
|
|a Gangoli, Geetanjali,
|e author.
|
| 245 |
1 |
0 |
|a International approaches to prostitution :
|b Law and policy in Europe and Asia
|
| 264 |
|
1 |
|a Bristol :
|b Policy Press
|c Jan. 2009.
|
| 264 |
|
3 |
|a Baltimore, Md. :
|b Project MUSE,
|c 2021
|
| 264 |
|
4 |
|c ©Jan. 2009.
|
| 300 |
|
|
|a 1 online resource (224 pages).
|
| 336 |
|
|
|a text
|b txt
|2 rdacontent
|
| 337 |
|
|
|a computer
|b c
|2 rdamedia
|
| 338 |
|
|
|a online resource
|b cr
|2 rdacarrier
|
| 520 |
8 |
|
|a Annotation
|b What is to be done about prostitution? Is it work or is it violence? Are women involved in prostitution offenders or victims? Is prostitution a private or a political issue? The answers to these questions vary depending on many factors, including where in the world you live. This book provides a valuable, detailed international comparison of the laws, policies and interventions in eight countries across Europe and Asia.
|
| 521 |
|
|
|a Scholarly & Professional
|b Policy Press.
|
| 588 |
|
|
|a Description based on print version record.
|
| 650 |
|
4 |
|a Social Science
|x Prostitution & Sex Trade.
|
| 650 |
|
4 |
|a Prostitution
|z Europe.
|
| 650 |
|
4 |
|a Prostitution
|z Asia.
|
| 655 |
|
7 |
|a Electronic books.
|2 local
|
| 700 |
1 |
|
|a Westmarland, Nicole,
|e author.
|
| 710 |
2 |
|
|a Project Muse.
|e distributor
|
| 830 |
|
0 |
|a Book collections on Project MUSE.
|
| 856 |
4 |
0 |
|z Texto completo
|u https://projectmuse.uam.elogim.com/book/80477/
|
| 945 |
|
|
|a Project MUSE - Custom Collection
|